Представление документа в формате MARC21

Поле Инд. ПП Название Значение
Тип записи a
Библиографический уровень m
001 _ Контрольный номер RU\infra-m\znanium\bibl\415097
005 _ Дата корректировки 20250915104137.2
008 Кодируемые данные 200416s2013 RU g rus u
020 a ISBN 978-5-394-01457-4
040 a Служба первич. каталог. Общество с ограниченной ответственностью «ЗНАНИУМ»
041 a Код языка текста rus
044 a Код страны публикации RU
080 a Индекс УДК 3301
084 2 Источник индекса rubbk
a Индекс другой классификации/Индекс ББК 221
084 2 Источник индекса okso
a Индекс другой классификации/Индекс ББК 02.03.01
084 2 Источник индекса okso
a Индекс другой классификации/Индекс ББК 38.03.01
084 2 Источник индекса okso
a Индекс другой классификации/Индекс ББК 38.03.05
084 2 Источник индекса okso
a Индекс другой классификации/Индекс ББК 38.03.06
084 2 Источник индекса okso
a Индекс другой классификации/Индекс ББК 38.03.02
100 1_ a Автор Балдин Константин Васильевич
q Полное имя Константин Васильевич
245 a Заглавие Математическое программирование
b Продолж. заглавия Учебник
c Ответственность Российская таможенная академия
250 a Основные сведения об издании 2
260 a Место издания Москва
b Издательство Издательско-торговая корпорация "Дашков и К"
c Дата издания 2018
300 a Объем 218 с.
520 a Аннотация В учебнике рассматриваются теоретические основы математического программирования с позиций методологии системного анализа. Представлены методы решения задач линейного нелинейного динамического программирования и некоторых специальных задач линейного программирования. Рассматриваются проблемы применения известных методов и моделей теории игр в разработке рациональных управленческих решений в неопределенных условиях. В приложениях представлены задачи для самостоятельного решения.
521 a Примеч. о целев. назн. ВО - Бакалавриат
650 a Основная рубрика Физико-математические науки
x Основная подрубрика Линейное программирование. Математическая логика
700 1_ a Другие авторы Брызгалов Н.А.
700 1_ a Другие авторы Рукосуев Андрей Вадимович
q Полное имя Андрей Вадимович
852 x Примечание, не предназначенное для пользователя znanium2023
856 4_ a Имя сервера/домена znanium.com
m Помощь ebs_support@infra-m.ru
n Местонахождение сервера НИЦ ИНФРА-М
u URL https://znanium.com/catalog/document?id=100977
z Примечание для пользователя Участвует в КО
856 41 a Имя сервера/домена znanium.com
d Путь /cover/0415
f Электронное имя 415097.jpg
q Тип электронного формата image/jpeg
u URL https://znanium.com/cover/0415/415097.jpg